States of Brazil with No Help - Statistics

General Stats
  • This quiz has been taken 17 times
  • The average score is 17 of 27
Answer Stats
Path State % Correct
path12 Acre
81%
path8 São Paulo
81%
path44 Bahia
75%
path24 Distrito Federal
75%
path50 Rio de Janeiro
75%
path58 Amapá
69%
path14 Amazonas
69%
path30 Mato Grosso
69%
path26 Mato Grosso do Sul
69%
path28 Minas Gerais
69%
path18 Pará
69%
path34 Paraná
69%
path52 Rio Grande do Norte
69%
path32 Rio Grande do Sul
69%
path22 Tocantins
69%
path38 Ceará
63%
path10 Pernambuco
63%
path42 Alagoas
56%
path6 Goiás
56%
path40 Piauí
56%
path20 Rondônia
56%
path36 Santa Catarina
56%
path54 Sergipe
56%
path46 Espírito Santo
50%
path56 Roraima
50%
path16 Maranhão
44%
path48 Paraíba
44%
No matching quizzes found
Score Distribution
Percent of People with Each Score
Percentile by Number Answered
Your Score History
You have not taken this quiz